Statistics for Official Languages in Alphabetic Order

Click here to take the quiz!

General Stats

  • This quiz has been taken 446 times
  • The average score is 78 of 120

Answer Stats

language% Correct
French
97%
Arabic
96%
English
96%
Spanish
96%
Chinese
(Mandarin)
94%
German
94%
Portuguese
94%
Russian
93%
Swedish
93%
Finnish
92%
Japanese
92%
Dutch
91%
Greek
91%
Italian
91%
Hindi
90%
Norwegian
90%
Polish
89%
Turkish
89%
Danish
88%
Estonian
88%
Korean
88%
Lithuanian
88%
Romanian
88%
Serbian
88%
Tajik
88%
Albanian
87%
Bulgarian
87%
Croatian
87%
Latvian
87%
Slovak
86%
Malay
85%
Slovene
85%
Thai
85%
Ukrainian
85%
Armenian
84%
Czech
84%
Darī
84%
Hungarian
84%
Irish
84%
Vietnamese
84%
Persian
83%
Bosnian
81%
Azerbaijani
80%
Belarusian
80%
Icelandic
80%
Kazakh
80%
Khmer
80%
Urdu
80%
Lao
79%
Filipino
78%
Georgian
78%
Mongolian
77%
Swahili
77%
Uzbek
77%
Moldovan
76%
Bengali
75%
Hebrew
75%
Tamil
75%
Kyrgyz
74%
Macedonian
74%
Zulu
74%
Pashto
73%
Turkmen
73%
Afrikaans
72%
Burmese
72%
Indonesian
72%
Nepali
72%
Maltese
70%
Catalan
67%
Xhosa
66%
Amharic
64%
Montenegrin
64%
Maori
63%
Romansh
63%
Dzongkha
61%
Luxembourgish
59%
Samoan
59%
Somali
59%
Quechua
58%
Berber
55%
Fijian
55%
Tongan
54%
Haitian Creole
51%
Kurdish
49%
Palauan
47%
Malagasy
46%
Nauruan
46%
Sotho
46%
Tuvaluan
46%
Sinhala
45%
Tswana
43%
Marshallese
42%
Guaraní
40%
Gilbertese
39%
Maldivian
38%
Swazi
36%
Kinyarwanda
34%
Aymara
33%
Seychellois Creole
33%
Tok Pisin
32%
Tigrinya
31%
Kirundi
30%
Oromo
30%
Sámi
30%
Hindustani
(Fiji Hindi)
29%
Northern Ndebele
29%
Southern Ndebele
29%
Mauritian Creole
26%
Chewa
24%
Comorian
24%
Venda
24%
Northern Sotho
23%
Shona
22%
Tsonga
21%
Bislama
20%
Afar
19%
Hiri Motu
18%
Sango
16%
Tetum
16%
Bambara
13%

Score Distribution

Percentile by Number Answered

Percent of People with Each Score

Your Score History

You have not taken this quiz